<?xml version="1.0" encoding="UTF-8"?><?xml-stylesheet type="text/xsl" href="static/style.xsl"?><OAI-PMH xmlns="http://www.openarchives.org/OAI/2.0/" xmlns:xsi="http://www.w3.org/2001/XMLSchema-instance" xsi:schemaLocation="http://www.openarchives.org/OAI/2.0/ http://www.openarchives.org/OAI/2.0/OAI-PMH.xsd"><responseDate>2026-04-17T12:21:03Z</responseDate><request verb="GetRecord" identifier="oai:riubu.ubu.es:10259/4503" metadataPrefix="marc">https://riubu.ubu.es/oai/request</request><GetRecord><record><header><identifier>oai:riubu.ubu.es:10259/4503</identifier><datestamp>2022-04-26T11:42:11Z</datestamp><setSpec>com_10259_2699</setSpec><setSpec>col_10259_2711</setSpec></header><metadata><record xmlns="http://www.loc.gov/MARC21/slim" xmlns:doc="http://www.lyncode.com/xoai" xmlns:xsi="http://www.w3.org/2001/XMLSchema-instance" xmlns:dcterms="http://purl.org/dc/terms/" xsi:schemaLocation="http://www.loc.gov/MARC21/slim http://www.loc.gov/standards/marcxml/schema/MARC21slim.xsd">
<leader>00925njm 22002777a 4500</leader>
<datafield tag="042" ind1=" " ind2=" ">
<subfield code="a">dc</subfield>
</datafield>
<datafield tag="720" ind1=" " ind2=" ">
<subfield code="a">Machado, Ronaldo Assed</subfield>
<subfield code="e">author</subfield>
</datafield>
<datafield tag="260" ind1=" " ind2=" ">
<subfield code="c">2017</subfield>
</datafield>
<datafield tag="520" ind1=" " ind2=" ">
<subfield code="a">El escenario de crisis política en la realidad brasileña contemporánea ha puesto de manifiesto las debilidades, inconsistencias y autoritarismo que han tenido lugar a lo largo de la historia del país. La Tesis Doctoral titulada “Por una Democratización de la Democracia en Brasil – Propuestas para Reforzar el Ejercicio Democrático” de Ronaldo Assed Machado tiene como objetivo reflexionar sobre las dificultades que se han revelado en cuanto a la eficacia eficacia social de la Carta Magna brasileña de 1988. Para ello, se ofrece un diagnóstico de las debilidades de la democracia brasileña, abriendo un espacio para poder repensar los significados de la democracia en el marco de un debate iusfilosófico contemporáneo. Los puntos centrales de la investigación son el modelo de mentalidad predominante y el tipo de sociedad a que corresponde su régimen democrático. Una vez  diagnosticados las dificultades para hacer realidad el gobierno del pueblo, se proponen algunas medidas destinadas a superar tales obstáculos y, por ende, reforzar la democracia, tales como la reforma política (ley electoral de partidos, transparencia de gobierno), y la reforma de varios derechos sociales (salud, educación.</subfield>
</datafield>
<datafield tag="024" ind2=" " ind1="8">
<subfield code="a">http://hdl.handle.net/10259/4503</subfield>
</datafield>
<datafield tag="024" ind2=" " ind1="8">
<subfield code="a">10.36443/10259/4503</subfield>
</datafield>
<datafield ind1=" " ind2=" " tag="653">
<subfield code="a">Constitución</subfield>
</datafield>
<datafield ind1=" " ind2=" " tag="653">
<subfield code="a">crisis de la democracia sustantiva</subfield>
</datafield>
<datafield ind1=" " ind2=" " tag="653">
<subfield code="a">acción social</subfield>
</datafield>
<datafield ind1=" " ind2=" " tag="653">
<subfield code="a">reformas institucionales</subfield>
</datafield>
<datafield ind1=" " ind2=" " tag="653">
<subfield code="a">cultura política y dignidad humana</subfield>
</datafield>
<datafield ind1=" " ind2=" " tag="653">
<subfield code="a">Constitution</subfield>
</datafield>
<datafield ind1=" " ind2=" " tag="653">
<subfield code="a">crisis of substantive democracy</subfield>
</datafield>
<datafield ind1=" " ind2=" " tag="653">
<subfield code="a">social action</subfield>
</datafield>
<datafield ind1=" " ind2=" " tag="653">
<subfield code="a">institutional reforms</subfield>
</datafield>
<datafield ind1=" " ind2=" " tag="653">
<subfield code="a">political culture and human dignity</subfield>
</datafield>
<datafield tag="245" ind1="0" ind2="0">
<subfield code="a">Por una democratización de la democracia en Brasil: propuestas para reforzar el ejercicio democrático</subfield>
</datafield>
</record></metadata></record></GetRecord></OAI-PMH>